Click the '-cracy' Quiz Stats

 Plays Quiz Updated Jun 19, 2016

Challenge
Share
Tweet
Embed
Score 0/15 Timer 04:00
1 Play Today
% Correct
Democracy
92.1%
Slavocracy
91.6%
Technocracy
91.4%
Theocracy
88.9%
Gynecocracy
87.3%
Aristocracy
87.3%
Autocracy
81.7%
Meritocracy
80.5%
% Correct
Gerontocracy
79.9%
Plantocracy
69.7%
Bureaucracy
65.3%
Plutocracy
47.7%
Thalassocracy
47.5%
Ochlocracy
31.7%
Pantisocracy
28.6%

You're not logged in!

Compare scores with friends on all Sporcle quizzes.
OR
Log In

You Might Also Like...

Show Comments

Extras

Top Quizzes Today


Score Distribution

Your Account Isn't Verified!

In order to create a playlist on Sporcle, you need to verify the email address you used during registration. Go to your Sporcle Settings to finish the process.

Report this User

Report this user for behavior that violates our Community Guidelines.

Details: